Thermodynamics (Record no. 8344)

000 -LEADER
fixed length control field 00603nam a2200217 i 4500
001 - CONTROL NUMBER
control field 8344
003 - CONTROL NUMBER IDENTIFIER
control field BD-DhUET
008 - FIXED-LENGTH DATA ELEMENTS--GENERAL INFORMATION
fixed length control field 770308s1978 nyua b 001 0 eng
020 ## - INTERNATIONAL STANDARD BOOK NUMBER
International Standard Book Number 0023355301
040 ## - CATALOGING SOURCE
Original cataloging agency DLC
Transcribing agency DLC
Modifying agency BD-DhUET
082 ## - DEWEY DECIMAL CLASSIFICATION NUMBER
Classification number 621.01
Item number FAI/1970
100 ## - MAIN ENTRY--PERSONAL NAME
Personal name Faires, Virgil Moring
245 10 - TITLE STATEMENT
Title Thermodynamics
Statement of responsibility, etc. by Virgil Moring Faires and Clifford Max Simmang
250 ## - EDITION STATEMENT
Edition statement 6th ed.
260 ## - PUBLICATION, DISTRIBUTION, ETC. (IMPRINT)
Place of publication, distribution, etc. New York
Name of publisher, distributor, etc. Macmillan
Date of publication, distribution, etc. 1970
300 ## - PHYSICAL DESCRIPTION
Extent xxiii, 647 p.
Other physical details ill.
Dimensions 26 cm.
504 ## - BIBLIOGRAPHY, ETC. NOTE
Bibliography, etc Includes bibliographies
650 #0 - SUBJECT ADDED ENTRY--TOPICAL TERM
Topical term or geographic name as entry element Thermodynamics
700 ## - ADDED ENTRY--PERSONAL NAME
Personal name Simmang, Clifford Max
942 ## - ADDED ENTRY ELEMENTS (KOHA)
Koha item type General Book
Holdings
Shelving location Koha normalized classification for sorting Sublocation or collection (holding branch) Koha full call number Withdrawn status Lost status Location (home branch) Copy number Damaged status Koha item type Source of classification or shelving scheme Date acquired Price effective from Not for loan Koha date last seen Piece designation (barcode)
Circulation section621_010000000000000_FAI_1978Central Library, BUET621.01/FAI/1978  Central Library, BUET1 General Book 2015-01-202015-01-20 2015-01-2042943
Rental section621_010000000000000_FAI_1970Central Library, BUET621.01 FAI/1970  Central Library, BUET৬/ক-১ Rental Item 1985-06-112024-12-11 2024-12-1163135
Rental section621_010000000000000_FAI_1970Central Library, BUET621.01 FAI/1970  Central Library, BUET৬/ক-২ Rental Item 1985-06-112024-12-11 2024-12-1163136
Rental section621_010000000000000_FAI_1970Central Library, BUET621.01 FAI/1970  Central Library, BUET৬/ক-৩ Rental Item 1985-06-112024-12-11 2024-12-1163137
Rental section621_010000000000000_FAI_1970Central Library, BUET621.01 FAI/1970  Central Library, BUET৬/ক-৪ Rental Item 1985-06-112024-12-11 2024-12-1163138
Rental section621_010000000000000_FAI_1970Central Library, BUET621.01 FAI/1970  Central Library, BUET৬/ক-৫ Rental Item 1985-06-112024-12-11 2024-12-1163139
Rental section621_010000000000000_FAI_1970Central Library, BUET621.01 FAI/1970  Central Library, BUET৬/ক-৬ Rental Item 1985-06-112024-12-11 2024-12-1163140
Rental section621_010000000000000_FAI_1970Central Library, BUET621.01 FAI/1970  Central Library, BUET৬/ক-৭ Rental Item 1985-06-112024-12-11 2024-12-1163141
Rental section621_010000000000000_FAI_1970Central Library, BUET621.01 FAI/1970  Central Library, BUET৬/ক-৮ Rental Item 1985-06-112024-12-11 2024-12-1163142
Rental section621_010000000000000_FAI_1970Central Library, BUET621.01 FAI/1970  Central Library, BUET৬/ক-৯ Rental Item 1985-06-112024-12-11 2024-12-1163143
Rental section621_010000000000000_FAI_1970Central Library, BUET621.01 FAI/1970  Central Library, BUET৬/ক-১০ Rental Item 1985-06-112024-12-11 2024-12-1163144
Rental section621_010000000000000_FAI_1970Central Library, BUET621.01 FAI/1970  Central Library, BUET৬/ক-১১ Rental Item 1985-06-112024-12-11 2024-12-1163145
Rental section621_010000000000000_FAI_1970Central Library, BUET621.01 FAI/1970  Central Library, BUET৬/ক-১২ Rental Item 1985-06-112024-12-11 2024-12-1163146
Rental section621_010000000000000_FAI_1970Central Library, BUET621.01 FAI/1970  Central Library, BUET৬/ক-১৩ Rental Item 1985-06-112024-12-11 2024-12-1163147
Rental section621_010000000000000_FAI_1970Central Library, BUET621.01 FAI/1970  Central Library, BUET৬/ক-১৪ Rental Item 1985-06-112024-12-11 2024-12-1163148
Rental section621_010000000000000_FAI_1970Central Library, BUET621.01 FAI/1970  Central Library, BUET৬/ক-১৫ Rental Item 1985-06-112024-12-11 2024-12-1163149
Rental section621_010000000000000_FAI_1970Central Library, BUET621.01 FAI/1970  Central Library, BUET৬/ক-১৬ Rental Item 1985-06-112024-12-11 2024-12-1163150
Rental section621_010000000000000_FAI_1970Central Library, BUET621.01 FAI/1970  Central Library, BUET৬/ক-১৭ Rental Item 1985-06-112024-12-11 2024-12-1163151
Rental section621_010000000000000_FAI_1970Central Library, BUET621.01 FAI/1970  Central Library, BUET৬/ক-১৮ Rental Item 1985-06-112024-12-11 2024-12-1163152
Rental section621_010000000000000_FAI_1970Central Library, BUET621.01 FAI/1970  Central Library, BUET৬/ক-১৯ Rental Item 1985-06-112024-12-11 2024-12-1163153
Rental section621_010000000000000_FAI_1970Central Library, BUET621.01 FAI/1970  Central Library, BUET৬/ক-২০ Rental Item 1985-06-112024-12-11 2024-12-1163154